Top 15 dei paesi con decessi Covid-19 - 12 maggio - Statistics

Statistiche generali
  • Questo quiz è stato fatto 2 volte
  • Il punteggio medio è 17 su 21
Statistiche sulle risposte
nazione % Corretto
Belgio
100%
Brasile
100%
Canada
100%
Cina
100%
Francia
100%
Germania
100%
Italia
100%
Messico
100%
Paesi Bassi
100%
Regno Unito
100%
Spagna
100%
Stati Uniti
100%
Svezia
100%
Svezia
100%
Danimarca
50%
Iran
50%
Irlanda
50%
Portogallo
50%
Turchia
50%
Ecuador
0%
Svizzera
0%
Nessun quiz corrispondente trovato
Distribuzione punteggi
Percentuale di utenti per punteggio
Percentile per numero di risposta
I tuoi punteggi nel tempo
Non hai fatto questo quiz